000 00556nam a2200193Ia 4500
005 20250326144952.0
008 250326s9999 xx 000 0 und d
020 _a1-403-91029-4
037 _aTextbook
040 _aFMSL
_beng
_cFMSL
041 _aeng
_2eng
084 _aX8(A):8.44 P3
_qFMSL
100 _aSen Ratna
_9304538
245 0 _aIndustrial relations in India shifting paradigms
_cSen Ratna
260 _aDelhi
_bDelhi, MacMillan india
_c2003
300 _axii,507
942 _cTB
_hX8(A):8.44 P3
999 _c1305848
_d1305848